| 000 | 01562cam a22004334i 4500 | ||
|---|---|---|---|
| 003 | PE-LiUPU | ||
| 005 | 20250731172933.0 | ||
| 008 | 150623s r 000 0 d | ||
| 035 | _a(Sirsi) a20508 | ||
| 040 |
_aPE-LiUPU _bspa _cPE-LiUPU _erda |
||
| 082 | 0 | 4 |
_a234.165 _bY78 _221 |
| 100 | 1 |
_aYoungberg, John, _eautor. |
|
| 245 | 1 | 0 |
_aMarriage commitment seminar instructor`s manual / _cJohn Youngberg. |
| 264 | 1 |
_aBerrien Springs, Michigan : _bMarriage and family commitment seminar`s, Andrews University, _c1993. |
|
| 300 |
_a238 páginas : _bilustraciones, gráficos ; _c29 cm. |
||
| 336 |
_atext _2rdacontent |
||
| 337 |
_aunmediated _2rdamedia |
||
| 338 |
_avolume _2rdacarrier |
||
| 504 | _aIncluye bibliografía. | ||
| 505 | 0 | _aFirday P. M. -Sabbath A. M. -Sabbath afternoon. -Sabbath Evening. -Supplementary mcs materials. | |
| 526 | _aSEG42 | ||
| 526 | _aSEG41 | ||
| 526 | _aSEG40 | ||
| 526 | _aSEG39 | ||
| 526 | _aP94 | ||
| 526 | _aP87 | ||
| 526 | _aP86 | ||
| 526 | _aP85 | ||
| 526 | _aP77 | ||
| 526 | _aP76 | ||
| 526 | _aP35 | ||
| 650 | 0 | 4 |
_aMatrimonio _xCristianismo _vManuales, etc. |
| 700 | 1 |
_aYoungberg, Millie, _eMrs. |
|
| 942 |
_2ddc _cBOOK |
||
| 949 |
_a234.165 Y78 _wDEWEY _c1 _i44000 _lCCODEBUL1 _mBUL _p00.00 _r0 _sY _tBOOK _u2015-06-24 _xTEOLOGIA _PP35 _0COMPRA _o.STAFF. Colección General |
||
| 596 | _a1 | ||
| 999 |
_a234.165 Y78 _wDEWEY _c20877 _i44000 _f2021-11-10 _g5 _lCCODEBUL1 _mBUL _r0 _sY _tBOOK _u2015-6-24 _xTEOLOGIA _PP35 _0COMPRA _o.STAFF. Colección General _d20877 |
||
| 980 |
_81 _gALBERTO SANCHEZ Responsable de Automatización |
||